Pitched roofs (Record no. 74597)

MARC details
000 -LEADER
fixed length control field 00920cab a2200241 4500
001 - CONTROL NUMBER
control field ABS68400
008 - FIXED-LENGTH DATA ELEMENTS--GENERAL INFORMATION
fixed length control field 041110n2004 000 0 eng u
035 ## - SYSTEM CONTROL NUMBER
System control number (Sirsi) u127937
100 ## - MAIN ENTRY--PERSONAL NAME
Personal name Shaw, P.
245 ## - TITLE STATEMENT
Title Pitched roofs
260 ## - PUBLICATION, DISTRIBUTION, ETC.
Date of publication, distribution, etc. 2004
490 ## - SERIES STATEMENT
Series statement Letting Update Journal
Volume/sequential designation 12(3) October 2004, 20-21(2)
520 ## - SUMMARY, ETC.
Summary, etc. Examines the common problems and defects associated with pitched roofs. Looks at roof felt, slipped slates, turnerising, natural and synthetic slates and clay and concrete tiles. Recommends regular visual inspections of pitched roofs to determine the presence of deteriorating roof materials and other roof defects. Gives further information sources.
590 ## - LOCAL NOTE (RLIN)
Local note ABS
650 ## - SUBJECT ADDED ENTRY--TOPICAL TERM
Topical term or geographic name entry element TILES
650 ## - SUBJECT ADDED ENTRY--TOPICAL TERM
Topical term or geographic name entry element CLAY TILES
650 ## - SUBJECT ADDED ENTRY--TOPICAL TERM
Topical term or geographic name entry element ROOF FELT
650 ## - SUBJECT ADDED ENTRY--TOPICAL TERM
Topical term or geographic name entry element TURNERISING
650 ## - SUBJECT ADDED ENTRY--TOPICAL TERM
Topical term or geographic name entry element SLATES
650 ## - SUBJECT ADDED ENTRY--TOPICAL TERM
Topical term or geographic name entry element PITCHED ROOFS
690 ## - LOCAL SUBJECT ADDED ENTRY--TOPICAL TERM (OCLC, RLIN)
Topical term or geographic name as entry element BUILT ENVIRONMENT-BUILDING PATHOLOGY
942 ## - ADDED ENTRY ELEMENTS (KOHA)
Suppress in OPAC 0
Holdings
Withdrawn status Lost status Source of classification or shelving scheme Damaged status Not for loan Home library Current library Shelving location Date acquired Total Checkouts Full call number Barcode Date last seen Copy number Price effective from Koha item type
    Dewey Decimal Classification     London London Journal article 10/11/2004   ABS68400 127937-1001 06/08/2019 1 06/08/2019 Journal article